LEADER 01988nam 2200589Ia 450 001 9910452511603321 005 20200520144314.0 010 $a90-272-7178-X 035 $a(CKB)2550000001095408 035 $a(SSID)ssj0000917100 035 $a(PQKBManifestationID)11461532 035 $a(PQKBTitleCode)TC0000917100 035 $a(PQKBWorkID)10890936 035 $a(PQKB)11159779 035 $a(MiAaPQ)EBC1249355 035 $a(Au-PeEL)EBL1249355 035 $a(CaPaEBR)ebr10729556 035 $a(CaONFJC)MIL502423 035 $a(OCoLC)851972603 035 $a(EXLCZ)992550000001095408 100 $a20130502d2013 uy 0 101 0 $aeng 135 $aurcn||||||||| 181 $ctxt 182 $cc 183 $acr 200 14$aThe second language acquisition of French tense, aspect, mood and modality$b[electronic resource] /$fDalila Ayoun 210 $aAmsterdam $cJohn Benjamins Publishing Company$d2013 215 $axii, 252 p 225 0 $aAILA Applied Linguistics Series,$x1875-1113 ;$vv. 10 300 $aBibliographic Level Mode of Issuance: Monograph 311 $a90-272-0526-4 311 $a1-299-71172-3 320 $aIncludes bibliographical references and index. 606 $aFrench language$xStudy and teaching$xEnglish speakers 606 $aFrench language$xGrammar$xStudy and teaching 606 $aSecond language acquisition 606 $aCohesion (Linguistics) 608 $aElectronic books. 615 0$aFrench language$xStudy and teaching$xEnglish speakers. 615 0$aFrench language$xGrammar$xStudy and teaching. 615 0$aSecond language acquisition. 615 0$aCohesion (Linguistics) 676 $a448.0071 700 $aAyoun$b Dalila$f1963-$01030846 801 0$bMiAaPQ 801 1$bMiAaPQ 801 2$bMiAaPQ 906 $aBOOK 912 $a9910452511603321 996 $aThe second language acquisition of French tense, aspect, mood and modality$92451153 997 $aUNINA LEADER 01686nam 2200433Ia 450 001 9910699235903321 005 20230902162040.0 035 $a(CKB)5470000002401549 035 $a(OCoLC)489501065 035 $a(EXLCZ)995470000002401549 100 $a20091217d2006 ua 0 101 0 $aeng 135 $aurcn||||||||| 181 $ctxt$2rdacontent 182 $cc$2rdamedia 183 $acr$2rdacarrier 200 10$aNet-centric capability and improved battlefield care$b[electronic resource] $eplacing the doctor in the battlefield /$fStephen Prior and Susan Prior 210 1$a[Washington, D.C.] :$cCenter for Technology and National Security Policy,$d[2006] 215 $a1 online resource (ii, 30 pages) $cillustrations 225 1 $aCase studies in national security transformation ;$vno. 3 300 $aTitle from title screen (viewed on Dec. 17, 2009). 300 $a"December 2006." 320 $aIncludes bibliographical references. 410 0$aCase studies in national security transformation ;$vno. 3. 517 $aNet-centric capability and improved battlefield care 606 $aMedicine, Military$zUnited States 606 $aSurgery, Military 607 $aUnited States$xArmed Forces$xMedical care 615 0$aMedicine, Military 615 0$aSurgery, Military. 700 $aPrior$b Stephen$01395875 701 $aPrior$b Susan$g(Susan E.)$01395876 712 02$aNational Defense University.$bCenter for Technology and National Security Policy. 801 0$bGPO 801 1$bGPO 906 $aBOOK 912 $a9910699235903321 996 $aNet-centric capability and improved battlefield care$93455067 997 $aUNINA